000 00531nam a2200205Ia 4500
003 OSt
005 20260603110702.0
008 210210b1999 xxu||||| |||| 00| 0 eng d
040 _cAL
041 _aEnglish
082 _a658.022 DESS
100 _aDESAI (Vasant)
_9265083
245 _aSmall scale enterprises: V10 entrepreneurship and technology
260 _aBangalore.
_bHimalaya Publishing House
_c1999
300 _a387
440 _a10
_9265084
690 _aManagement
_9265092
906 _a054368
942 _2ddc
_cBK
999 _c102112
_d102112